An introductionto tropical rain forests (Record no. 48095)

MARC details
000 -LEADER
fixed length control field 00690nam a2200193 a 4500
008 - FIXED-LENGTH DATA ELEMENTS--GENERAL INFORMATION
fixed length control field 120416s1990 ||||||||||||||||| || u
020 ## - INTERNATIONAL STANDARD BOOK NUMBER
International Standard Book Number 0198542763
050 ## - LIBRARY OF CONGRESS CALL NUMBER
Classification number QH 541.5.R27 Whi
100 ## - MAIN ENTRY--PERSONAL NAME
Personal name Whitmore, T. C. (Timothy Charles)
245 13 - TITLE STATEMENT
Title An introductionto tropical rain forests
260 ## - PUBLICATION, DISTRIBUTION, ETC.
Place of publication, distribution, etc. Oxford
Name of publisher, distributor, etc. Clarendon Oxford University Press
Date of publication, distribution, etc. 1990.
300 ## - PHYSICAL DESCRIPTION
Extent 226 p. : ill.
350 ## - PRICE (NR) (BK AM CF MU VM SE) [OBSOLETE]
Price 0.00
500 ## - GENERAL NOTE
General note Bibliography.
650 ## - SUBJECT ADDED ENTRY--TOPICAL TERM
Topical term or geographic name entry element RAIN FORESTS
650 ## - SUBJECT ADDED ENTRY--TOPICAL TERM
Topical term or geographic name entry element ECOLOGY
650 ## - SUBJECT ADDED ENTRY--TOPICAL TERM
Topical term or geographic name entry element RAIN FOREST ECOLOGY
995 ## - RECOMMENDATION 995 [LOCAL, UNIMARC FRANCE]
-- 0.00
-- CBU-MAIN LIBRARY (Kitwe)
-- 1
-- 19.95
-- 1
-- AVAILABLE
-- May 24, 2006
-- Main Library Open Access Collection
Holdings
Withdrawn status Lost status Source of classification or shelving scheme Damaged status Not for loan Home library Current library Shelving location Date acquired Total Checkouts Full call number Barcode Date last seen Price effective from Koha item type
          CBU-MAIN LIBRARY, KITWE. CBU-MAIN LIBRARY, KITWE.   11/30/2022   QH 541.5.R27 Whi 46406 11/30/2022 11/30/2022 MONOGRAPH